000 00259nam a2200109Ia 4500
008 190216s9999||||xx |||||||||||||| ||und||
100 _aWright M G
245 0 _aDiscounted Cash Flow
260 _bTata Mcgrawhill Publishers
_c1975
300 _a167p
942 _cBK
999 _c4242
_d4242